{"text_format":"3","workbook":"xlsx","n_sheets":1,"sheets":["t344"],"read":"whole","date_system":"1900"}

{"sheet":"t344","index":0,"n_rows":267,"n_cols":7,"rows_kept":267,"merged":[[0,0,0,6],[30,0,30,5],[54,0,54,5],[170,0,170,5]]}
["TABELA 344.1 - Estatísticas Agrícolas, Município de Mogi das Cruzes, Estado de São Paulo, 2007/08."]
["ITEM","UNIDADE","N.DE UPAs","MÍNIMO","MÉDIO","MÁXIMO","TOTAL"]
["Distância à sede do município","km",{"v":1616,"d":"1,616"},{"v":1,"d":"1.0"},{"v":15.59,"d":"15.6"},{"v":50,"d":"50.0"},"-"]
["Área total","hectare",{"v":1616,"d":"1,616"},0.2,{"v":16.14,"d":"16.1"},{"v":1390,"d":"1,390.0"},{"v":26077.18,"d":"26,077.2"}]
["Área com cultura perene","hectare",574,0.1,{"v":3.32,"d":"3.3"},{"v":169,"d":"169.0"},{"v":1905.3,"d":"1,905.3"}]
["Área com cultura temporária","hectare",933,0.1,{"v":4.22,"d":"4.2"},{"v":520,"d":"520.0"},{"v":3939.8,"d":"3,939.8"}]
["Área com pastagem","hectare",190,0.1,11.1,{"v":350,"d":"350.0"},{"v":2109.2,"d":"2,109.2"}]
["Área com reflorestamento","hectare",358,0.1,{"v":16.13,"d":"16.1"},{"v":872,"d":"872.0"},{"v":5773.8,"d":"5,773.8"}]
["Área com vegetação natural","hectare",954,0.1,7.4,591.2,{"v":7058.7,"d":"7,058.7"}]
["Área com vegetação de brejo e várzea","hectare",272,0.1,{"v":1.82,"d":"1.8"},{"v":140,"d":"140.0"},{"v":495,"d":"495.0"}]
["Área em descanso","hectare",678,0.1,{"v":3.49,"d":"3.5"},130.1,{"v":2367.5,"d":"2,367.5"}]
["Área complementar","hectare",{"v":1551,"d":"1,551"},0.1,{"v":1.57,"d":"1.6"},165.3,{"v":2427.88,"d":"2,427.9"}]
["Área das UPAs com (0, 1] ha","hectare",143,0.2,{"v":0.57,"d":"0.6"},{"v":1,"d":"1.0"},81.6]
["Área das UPAs com (1, 2] ha","hectare",109,1.1,{"v":1.67,"d":"1.7"},{"v":2,"d":"2.0"},182.1]
["Área das UPAs com (2, 5] ha","hectare",493,2.1,3.5,{"v":5,"d":"5.0"},{"v":1725.2,"d":"1,725.2"}]
["Área das UPAs com (5, 10] ha","hectare",394,5.1,{"v":7.56,"d":"7.6"},{"v":10,"d":"10.0"},{"v":2980.4,"d":"2,980.4"}]
["Área das UPAs com (10, 20] ha","hectare",259,10.1,{"v":13.97,"d":"14.0"},{"v":20,"d":"20.0"},{"v":3618.18,"d":"3,618.2"}]
["Área das UPAs com (20, 50] ha","hectare",160,20.2,{"v":29.15,"d":"29.2"},{"v":50,"d":"50.0"},{"v":4664.6,"d":"4,664.6"}]
["Área das UPAs com (50, 100] ha","hectare",32,50.8,{"v":71.83,"d":"71.8"},{"v":97,"d":"97.0"},{"v":2298.5,"d":"2,298.5"}]
["Área das UPAs com (100, 200] ha","hectare",12,{"v":120,"d":"120.0"},{"v":153.39,"d":"153.4"},193.6,{"v":1840.7,"d":"1,840.7"}]
["Área das UPAs com (200, 500] ha","hectare",5,217.8,{"v":268.52,"d":"268.5"},373.1,{"v":1342.6,"d":"1,342.6"}]
["Área das UPAs com (500, 1.000] ha","hectare",7,{"v":605,"d":"605.0"},{"v":694.61,"d":"694.6"},874.3,{"v":4862.3,"d":"4,862.3"}]
["Área das UPAs com (1.000, 2.000] ha","hectare",2,{"v":1091,"d":"1,091.0"},{"v":1240.5,"d":"1,240.5"},{"v":1390,"d":"1,390.0"},{"v":2481,"d":"2,481.0"}]
["Área das UPAs com (2.000, 5.000] ha","hectare","-","-","-","-","-"]
["Área das UPAs com (5.000, 10.000] ha","hectare","-","-","-","-","-"]
["Área das UPAs acima de 10.000 ha","hectare","-","-","-","-","-"]
["Familiares do proprietário que trabalham na UPA","unidade",{"v":1093,"d":"1,093"},{"v":1,"d":"1.0"},{"v":3.14,"d":"3.1"},{"v":1167,"d":"1,167.0"},{"v":3436,"d":"3,436.0"}]
["Trabalhadores permanentes","unidade",{"v":1147,"d":"1,147"},{"v":1,"d":"1.0"},{"v":3.16,"d":"3.2"},{"v":100,"d":"100.0"},{"v":3625,"d":"3,625.0"}]
["Fonte: Secretaria de Agricultura e Abastecimento, CDRS/IEA, Projeto LUPA."]
[]
["TABELA 344.2 - Explorações Animais, Município de Mogi das Cruzes, Estado de São Paulo, 2007/08."]
["ITEM","UNIDADE","N.DE UPAs","MÍNIMO","MÉDIO","MÁXIMO","TOTAL"]
["Apicultura","colmeias",8,{"v":8,"d":"8.0"},{"v":38.25,"d":"38.3"},{"v":200,"d":"200.0"},{"v":306,"d":"306.0"}]
["Asininos E Muares","cabeças",1,{"v":1,"d":"1.0"},{"v":1,"d":"1.0"},{"v":1,"d":"1.0"},{"v":1,"d":"1.0"}]
["Avestruzes e Ema (Criadouro)","cabeças",2,{"v":6,"d":"6.0"},{"v":23,"d":"23.0"},{"v":40,"d":"40.0"},{"v":46,"d":"46.0"}]
["Avicultura de Corte","cabeças/ano",4,{"v":20,"d":"20.0"},{"v":5092.5,"d":"5,092.5"},{"v":20000,"d":"20,000.0"},{"v":20370,"d":"20,370.0"}]
["Avicultura Ornamental/Decorativa/Exótica","cabeças",6,{"v":5,"d":"5.0"},{"v":147,"d":"147.0"},{"v":600,"d":"600.0"},{"v":882,"d":"882.0"}]
["Avicultura para Ovos","cabeças",27,{"v":5,"d":"5.0"},{"v":50611.11,"d":"50,611.1"},{"v":700000,"d":"700,000.0"},{"v":1366500,"d":"1,366,500.0"}]
["Bovinocultura de Corte","cabeças",11,{"v":2,"d":"2.0"},{"v":9.82,"d":"9.8"},{"v":17,"d":"17.0"},{"v":108,"d":"108.0"}]
["Bovinocultura Leiteira","cabeças",25,{"v":1,"d":"1.0"},{"v":25.52,"d":"25.5"},{"v":140,"d":"140.0"},{"v":638,"d":"638.0"}]
["Bovinocultura Mista","cabeças",56,{"v":1,"d":"1.0"},{"v":21.82,"d":"21.8"},{"v":250,"d":"250.0"},{"v":1222,"d":"1,222.0"}]
["Bubalinocultura","cabeças",1,{"v":3,"d":"3.0"},{"v":3,"d":"3.0"},{"v":3,"d":"3.0"},{"v":3,"d":"3.0"}]
["Caprinocultura","cabeças",4,{"v":25,"d":"25.0"},{"v":181.25,"d":"181.3"},{"v":600,"d":"600.0"},{"v":725,"d":"725.0"}]
["Codornicultura","cabeças",6,{"v":250,"d":"250.0"},{"v":31458.33,"d":"31,458.3"},{"v":100000,"d":"100,000.0"},{"v":188750,"d":"188,750.0"}]
["Cunicultura","cabeças",3,{"v":10,"d":"10.0"},{"v":2389.33,"d":"2,389.3"},{"v":7000,"d":"7,000.0"},{"v":7168,"d":"7,168.0"}]
["Equinocultura","cabeças",65,{"v":1,"d":"1.0"},{"v":6.03,"d":"6.0"},{"v":30,"d":"30.0"},{"v":392,"d":"392.0"}]
["Helicicultura","viveiros",1,{"v":10000,"d":"10,000.0"},{"v":10000,"d":"10,000.0"},{"v":10000,"d":"10,000.0"},{"v":10000,"d":"10,000.0"}]
["Outra Exploração Animal","cabeças",4,{"v":2,"d":"2.0"},{"v":12,"d":"12.0"},{"v":27,"d":"27.0"},{"v":48,"d":"48.0"}]
["Ovinocultura","cabeças",5,{"v":10,"d":"10.0"},49.8,{"v":150,"d":"150.0"},{"v":249,"d":"249.0"}]
["Piscicultura","m² tanques",18,{"v":14,"d":"14.0"},{"v":15911.89,"d":"15,911.9"},{"v":60000,"d":"60,000.0"},{"v":286414,"d":"286,414.0"}]
["Ranicultura","girinos/ano",3,{"v":2400,"d":"2,400.0"},{"v":22466.67,"d":"22,466.7"},{"v":50000,"d":"50,000.0"},{"v":67400,"d":"67,400.0"}]
["Suinocultura","cabeças",20,{"v":6,"d":"6.0"},32.6,{"v":110,"d":"110.0"},{"v":652,"d":"652.0"}]
["Fonte: Secretaria de Agricultura e Abastecimento, CDRS/IEA, Projeto LUPA."]
[]
["TABELA 344.3 -  Máquinas, Implementos e Benfeitorias, Município de Mogi das Cruzes, Estado de São Paulo, 2007/08."]
["ITEM","UNIDADE","N.DE UPAs","MÍNIMO","MÉDIO","MÁXIMO","TOTAL"]
["Arado Comum (Bacia, Aiveca)","Unidade",200,{"v":1,"d":"1.0"},{"v":1.21,"d":"1.2"},{"v":4,"d":"4.0"},{"v":241,"d":"241.0"}]
["Arado Escarificador","Unidade",257,{"v":1,"d":"1.0"},{"v":1.15,"d":"1.2"},{"v":5,"d":"5.0"},{"v":296,"d":"296.0"}]
["Arado Subsolador","Unidade",193,{"v":1,"d":"1.0"},{"v":1.19,"d":"1.2"},{"v":11,"d":"11.0"},{"v":230,"d":"230.0"}]
["Batedeira de Cereais","Unidade",11,{"v":1,"d":"1.0"},{"v":1.09,"d":"1.1"},{"v":2,"d":"2.0"},{"v":12,"d":"12.0"}]
["Câmara Fria","Unidade",34,{"v":1,"d":"1.0"},{"v":1.29,"d":"1.3"},{"v":3,"d":"3.0"},{"v":44,"d":"44.0"}]
["Carregadeira de Cana","Unidade",1,{"v":1,"d":"1.0"},{"v":1,"d":"1.0"},{"v":1,"d":"1.0"},{"v":1,"d":"1.0"}]
["Colhedeira Acoplada","Unidade",5,{"v":1,"d":"1.0"},1.2,{"v":2,"d":"2.0"},{"v":6,"d":"6.0"}]
["Colhedeira Automotriz","Unidade",1,{"v":1,"d":"1.0"},{"v":1,"d":"1.0"},{"v":1,"d":"1.0"},{"v":1,"d":"1.0"}]
["Computador","Unidade",121,{"v":1,"d":"1.0"},{"v":2.14,"d":"2.1"},{"v":80,"d":"80.0"},{"v":259,"d":"259.0"}]
["Conj.Irrigação Convencional","Unidade",682,{"v":1,"d":"1.0"},{"v":1.72,"d":"1.7"},{"v":340,"d":"340.0"},{"v":1173,"d":"1,173.0"}]
["Conj.Irrigação Pivot Central","Unidade",2,{"v":1,"d":"1.0"},{"v":1,"d":"1.0"},{"v":1,"d":"1.0"},{"v":2,"d":"2.0"}]
["Conj.Irrigação/Gotejamento/Microaspersão","Unidade",76,{"v":1,"d":"1.0"},{"v":2.39,"d":"2.4"},{"v":12,"d":"12.0"},{"v":182,"d":"182.0"}]
["Desintegrador de Palha (Plantio Direto)","Unidade",11,{"v":1,"d":"1.0"},{"v":1.09,"d":"1.1"},{"v":2,"d":"2.0"},{"v":12,"d":"12.0"}]
["Desintegrador, Picador, Triturador","Unidade",58,{"v":1,"d":"1.0"},1.1,{"v":3,"d":"3.0"},{"v":64,"d":"64.0"}]
["Distribuidor de Calcário","Unidade",83,{"v":1,"d":"1.0"},{"v":1.06,"d":"1.1"},{"v":2,"d":"2.0"},{"v":88,"d":"88.0"}]
["Ensiladeira","Unidade",6,{"v":1,"d":"1.0"},{"v":1,"d":"1.0"},{"v":1,"d":"1.0"},{"v":6,"d":"6.0"}]
["Grade Aradora (Tipo Romi)","Unidade",129,{"v":1,"d":"1.0"},{"v":1.09,"d":"1.1"},{"v":5,"d":"5.0"},{"v":141,"d":"141.0"}]
["Grade Niveladora","Unidade",140,{"v":1,"d":"1.0"},1.1,{"v":3,"d":"3.0"},{"v":154,"d":"154.0"}]
["Implementos para Tração Animal","Unidade",1,{"v":2,"d":"2.0"},{"v":2,"d":"2.0"},{"v":2,"d":"2.0"},{"v":2,"d":"2.0"}]
["Máquina de Classificar Frutas","Unidade",22,{"v":1,"d":"1.0"},{"v":1.09,"d":"1.1"},{"v":2,"d":"2.0"},{"v":24,"d":"24.0"}]
["Máquina de Classificar Olerícola","Unidade",5,{"v":1,"d":"1.0"},{"v":1,"d":"1.0"},{"v":1,"d":"1.0"},{"v":5,"d":"5.0"}]
["Máquina de Classificar Ovo","Unidade",4,{"v":1,"d":"1.0"},1.5,{"v":2,"d":"2.0"},{"v":6,"d":"6.0"}]
["Microtrator","Unidade",408,{"v":1,"d":"1.0"},2.2,{"v":340,"d":"340.0"},{"v":896,"d":"896.0"}]
["Misturador de Ração","Unidade",11,{"v":1,"d":"1.0"},{"v":1.18,"d":"1.2"},{"v":2,"d":"2.0"},{"v":13,"d":"13.0"}]
["Ordenhadeira Mecânica","Unidade",3,{"v":1,"d":"1.0"},{"v":1,"d":"1.0"},{"v":1,"d":"1.0"},{"v":3,"d":"3.0"}]
["Pulverizador Tratorizado","Unidade",273,{"v":1,"d":"1.0"},{"v":1.42,"d":"1.4"},{"v":6,"d":"6.0"},{"v":388,"d":"388.0"}]
["Resfriador de Leite, Tanque Expansão","Unidade",8,{"v":1,"d":"1.0"},{"v":1.13,"d":"1.1"},{"v":2,"d":"2.0"},{"v":9,"d":"9.0"}]
["Roçadeira Costal","Unidade",5,{"v":1,"d":"1.0"},{"v":1,"d":"1.0"},{"v":1,"d":"1.0"},{"v":5,"d":"5.0"}]
["Roçadeira Tratorizada","Unidade",8,{"v":1,"d":"1.0"},{"v":1,"d":"1.0"},{"v":1,"d":"1.0"},{"v":8,"d":"8.0"}]
["Semeadeira/Adubadeira para Plantio Convencional","Unidade",59,{"v":1,"d":"1.0"},{"v":1.24,"d":"1.2"},{"v":3,"d":"3.0"},{"v":73,"d":"73.0"}]
["Semeadeira/Plantadeira Plantio Direto","Unidade",4,{"v":1,"d":"1.0"},{"v":1,"d":"1.0"},{"v":1,"d":"1.0"},{"v":4,"d":"4.0"}]
["Terraceador","Unidade",2,{"v":1,"d":"1.0"},{"v":1,"d":"1.0"},{"v":1,"d":"1.0"},{"v":2,"d":"2.0"}]
["Trator de Esteiras","Unidade",5,{"v":1,"d":"1.0"},{"v":1,"d":"1.0"},{"v":1,"d":"1.0"},{"v":5,"d":"5.0"}]
["Trator de Pneus","Unidade",623,{"v":1,"d":"1.0"},{"v":1.69,"d":"1.7"},{"v":10,"d":"10.0"},{"v":1052,"d":"1,052.0"}]
["Açude/Represa","Unidade",513,{"v":1,"d":"1.0"},{"v":2.01,"d":"2.0"},{"v":262,"d":"262.0"},{"v":1031,"d":"1,031.0"}]
["Adega Cantina","Unidade",1,{"v":1,"d":"1.0"},{"v":1,"d":"1.0"},{"v":1,"d":"1.0"},{"v":1,"d":"1.0"}]
["Alambique","Unidade",1,{"v":1,"d":"1.0"},{"v":1,"d":"1.0"},{"v":1,"d":"1.0"},{"v":1,"d":"1.0"}]
["Almoxarifado/Oficina","Unidade",75,{"v":1,"d":"1.0"},{"v":1.08,"d":"1.1"},{"v":2,"d":"2.0"},{"v":81,"d":"81.0"}]
["Armazém para Grãos Ensacados","Sacas",5,{"v":1,"d":"1.0"},{"v":101,"d":"101.0"},{"v":500,"d":"500.0"},{"v":505,"d":"505.0"}]
["Balança para Bovinos","Unidade",1,{"v":1,"d":"1.0"},{"v":1,"d":"1.0"},{"v":1,"d":"1.0"},{"v":1,"d":"1.0"}]
["Balança para Veículos","Unidade",1,{"v":1,"d":"1.0"},{"v":1,"d":"1.0"},{"v":1,"d":"1.0"},{"v":1,"d":"1.0"}]
["Barracão para Bicho da Seda/Sirgaria","Unidade",3,{"v":1,"d":"1.0"},{"v":6,"d":"6.0"},{"v":14,"d":"14.0"},{"v":18,"d":"18.0"}]
["Barracão para Cultivo de Cogumelo","Unidade",98,{"v":1,"d":"1.0"},{"v":8.13,"d":"8.1"},{"v":30,"d":"30.0"},{"v":797,"d":"797.0"}]
["Barracão para Granja/Avicultura","Unidade",48,{"v":1,"d":"1.0"},{"v":10.29,"d":"10.3"},{"v":54,"d":"54.0"},{"v":494,"d":"494.0"}]
["Barracão/Galpão/Garagem","Unidade",{"v":1049,"d":"1,049"},{"v":1,"d":"1.0"},2.4,{"v":240,"d":"240.0"},{"v":2516,"d":"2,516.0"}]
["Biodigestor","Unidade",1,{"v":1,"d":"1.0"},{"v":1,"d":"1.0"},{"v":1,"d":"1.0"},{"v":1,"d":"1.0"}]
["Casa de Moradia Habitada","Unidade",{"v":1530,"d":"1,530"},{"v":1,"d":"1.0"},{"v":2.88,"d":"2.9"},{"v":750,"d":"750.0"},{"v":4412,"d":"4,412.0"}]
["Casa de Moradia Total","Unidade",{"v":1515,"d":"1,515"},{"v":1,"d":"1.0"},{"v":3.03,"d":"3.0"},{"v":750,"d":"750.0"},{"v":4589,"d":"4,589.0"}]
["Curral/Mangueira","Unidade",53,{"v":1,"d":"1.0"},{"v":1.04,"d":"1.0"},{"v":2,"d":"2.0"},{"v":55,"d":"55.0"}]
["Depósito/Tulha","Unidade",242,{"v":1,"d":"1.0"},{"v":1.15,"d":"1.2"},{"v":5,"d":"5.0"},{"v":279,"d":"279.0"}]
["Engenho","Unidade",1,{"v":1,"d":"1.0"},{"v":1,"d":"1.0"},{"v":1,"d":"1.0"},{"v":1,"d":"1.0"}]
["Estábulo","Unidade",46,{"v":1,"d":"1.0"},{"v":2.26,"d":"2.3"},{"v":50,"d":"50.0"},{"v":104,"d":"104.0"}]
["Estufa/Plasticultura","m²",249,{"v":1,"d":"1.0"},{"v":5800.73,"d":"5,800.7"},{"v":60300,"d":"60,300.0"},{"v":1444383,"d":"1,444,383.0"}]
["Fábrica de Farinha","Unidade",1,{"v":1,"d":"1.0"},{"v":1,"d":"1.0"},{"v":1,"d":"1.0"},{"v":1,"d":"1.0"}]
["Fábrica de Ração","Unidade",9,{"v":1,"d":"1.0"},{"v":1,"d":"1.0"},{"v":1,"d":"1.0"},{"v":9,"d":"9.0"}]
["Instalações para Equinos","Unidade",12,{"v":1,"d":"1.0"},{"v":5.58,"d":"5.6"},{"v":25,"d":"25.0"},{"v":67,"d":"67.0"}]
["Máquina de Benefício","Unidade",1,{"v":1,"d":"1.0"},{"v":1,"d":"1.0"},{"v":1,"d":"1.0"},{"v":1,"d":"1.0"}]
["Olaria","Unidade",1,{"v":2,"d":"2.0"},{"v":2,"d":"2.0"},{"v":2,"d":"2.0"},{"v":2,"d":"2.0"}]
["Packing House","Unidade",22,{"v":1,"d":"1.0"},{"v":1.18,"d":"1.2"},{"v":2,"d":"2.0"},{"v":26,"d":"26.0"}]
["Pocilga","Unidade",30,{"v":1,"d":"1.0"},2.3,{"v":20,"d":"20.0"},{"v":69,"d":"69.0"}]
["Poço Semi-Artesiano","Unidade",952,{"v":1,"d":"1.0"},{"v":1.39,"d":"1.4"},{"v":6,"d":"6.0"},{"v":1323,"d":"1,323.0"}]
["Posto Meteorológico","Unidade",1,{"v":2,"d":"2.0"},{"v":2,"d":"2.0"},{"v":2,"d":"2.0"},{"v":2,"d":"2.0"}]
["Silo para Grãos","t",5,{"v":1,"d":"1.0"},126.8,{"v":540,"d":"540.0"},{"v":634,"d":"634.0"}]
["Fonte: Secretaria de Agricultura e Abastecimento, CDRS/IEA, Projeto LUPA."]
[]
["TABELA 344.4 - Outras Estatísticas Agrícolas, Município de Mogi das Cruzes, Estado de São Paulo, 2007/08."]
["ITEM","Número de UPAs",null,"Percentual"]
["Faz Parte de Associação de Produtores",514,null,{"v":31.806930693069308,"d":"31.8"}]
["Faz Parte de Cooperativa de Produtores",112,null,{"v":6.930693069306931,"d":"6.9"}]
["Faz Parte do Sindicato de Produtores",645,null,{"v":39.91336633663366,"d":"39.9"}]
["Não utiliza assistência técnica ",768,null,{"v":47.524752475247524,"d":"47.5"}]
["Utiliza somente assistência técnica governamental ",275,null,{"v":17.01732673267327,"d":"17.0"}]
["Utiliza somente assistência técnica privada ",191,null,{"v":11.819306930693068,"d":"11.8"}]
["Utiliza assistência técnica tanto governamental quanto privada",382,null,{"v":23.638613861386137,"d":"23.6"}]
["Utiliza Crédito Rural",131,null,{"v":8.106435643564357,"d":"8.1"}]
["Utiliza Seguro Rural",19,null,{"v":1.175742574257426,"d":"1.2"}]
["Utiliza Escrituração Agrícola",292,null,{"v":18.06930693069307,"d":"18.1"}]
["Acessa Internet p/ Fins na Agropecuária",150,null,{"v":9.282178217821782,"d":"9.3"}]
["Utiliza Computador nas Atividades Agropecuárias",224,null,{"v":13.861386138613861,"d":"13.9"}]
["Utiliza Energia Elétrica Para Uso na Atividade Agrícola",{"v":1504,"d":"1,504"},null,{"v":93.06930693069307,"d":"93.1"}]
["Realiza Análise de Solo, quando necessário",158,null,{"v":9.777227722772277,"d":"9.8"}]
["Utiliza Práticas de Conservação de Solo, quando necessário",652,null,{"v":40.34653465346534,"d":"40.3"}]
["Faz Adubação Mineral, quando necessário",896,null,{"v":55.445544554455445,"d":"55.4"}]
["Faz Adubação Orgânica, quando necessário",690,null,{"v":42.6980198019802,"d":"42.7"}]
["Faz Adubação Verde, quando necessário",199,null,{"v":12.314356435643566,"d":"12.3"}]
["Utiliza Manejo Integrado de Pragas (MIP)",5,null,{"v":0.3094059405940594,"d":"0.3"}]
["Utiliza Hidroponia",2,null,{"v":0.12376237623762376,"d":"0.1"}]
["Utiliza Plasticultura",236,null,{"v":14.603960396039604,"d":"14.6"}]
["Utiliza Mudas Fiscalizadas",294,null,{"v":18.193069306930692,"d":"18.2"}]
["Utiliza Semente Melhorada",619,null,{"v":38.304455445544555,"d":"38.3"}]
["Faz Confinamento de Bovinos",1,null,{"v":0.06188118811881188,"d":"0.1"}]
["Utiliza Pastejo Intensivo",21,null,{"v":1.2995049504950495,"d":"1.3"}]
["Faz Inseminação Artificial",7,null,{"v":0.43316831683168316,"d":"0.4"}]
["Faz Mineralização do Rebanho",67,null,{"v":4.146039603960396,"d":"4.1"}]
["Faz Vermifugação do Rebanho",71,null,{"v":4.393564356435644,"d":"4.4"}]
["Possui Parceiros /Arrendatários na Exploração Animal",167,null,{"v":10.334158415841584,"d":"10.3"}]
["Esporte e lazer",15,null,{"v":0.9282178217821783,"d":"0.9"}]
["Extração mineral",1,null,{"v":0.06188118811881188,"d":"0.1"}]
["Hotel Fazenda, Pousada ou SPA",1,null,{"v":0.06188118811881188,"d":"0.1"}]
["Pesque-pague",7,null,{"v":0.43316831683168316,"d":"0.4"}]
["Restaurante ou Lanchonete",5,null,{"v":0.3094059405940594,"d":"0.3"}]
["Transformação artesanal",3,null,{"v":0.18564356435643564,"d":"0.2"}]
["Turismo rural ou ecoturismo",1,null,{"v":0.06188118811881188,"d":"0.1"}]
["Outras atividades econômicas rurais",10,null,{"v":0.6188118811881188,"d":"0.6"}]
["Agroindústria",3,null,{"v":0.18564356435643564,"d":"0.2"}]
["Proprietário sem instrução ou com instrução incompleta",184,null,{"v":11.386138613861386,"d":"11.4"}]
["Proprietário com antigo primário completo",554,null,{"v":34.28217821782178,"d":"34.3"}]
["Proprietário com 1° grau (ou antigo ginasial) completo",316,null,{"v":19.554455445544555,"d":"19.6"}]
["Proprietário com 2° grau (ou antigo colegial) completo",292,null,{"v":18.06930693069307,"d":"18.1"}]
["Proprietário com curso superior completo ",243,null,{"v":15.037128712871288,"d":"15.0"}]
["Pessoa Jurídica",27,null,{"v":1.670792079207921,"d":"1.7"}]
["Proprietário residente na própria UPA ",831,null,{"v":51.42326732673267,"d":"51.4"}]
["Fonte: Secretaria de Agricultura e Abastecimento, CDRS/IEA, Projeto LUPA."]
[]
["TABELA 344.5 - Área Cultivada, Município de Mogi das Cruzes, Estado de São Paulo, 2007/08."]
["CULTURA","N.DE UPAs","MÍNIMO","MÉDIO","MÁXIMO","TOTAL"]
["Eucalipto",348,0.1,{"v":16.12,"d":"16.1"},{"v":872,"d":"872.0"},{"v":5609,"d":"5,609.0"}]
["Outras olericolas",263,0.1,{"v":12.18,"d":"12.2"},{"v":1968.8,"d":"1,968.8"},{"v":3204.3,"d":"3,204.3"}]
["Repolho",172,0.1,{"v":9.75,"d":"9.8"},891.2,{"v":1676.7,"d":"1,676.7"}]
["Alface",255,0.1,{"v":6.26,"d":"6.3"},{"v":390,"d":"390.0"},{"v":1596.5,"d":"1,596.5"}]
["Pimentao",62,0.1,{"v":17.03,"d":"17.0"},871.2,{"v":1056,"d":"1,056.0"}]
["Ervas medicinais e aromaticas",33,0.1,{"v":31.92,"d":"31.9"},959.4,{"v":1053.3,"d":"1,053.3"}]
["Braquiaria",83,0.1,{"v":12.36,"d":"12.4"},169.5,{"v":1026,"d":"1,026.0"}]
["Caqui",336,0.1,{"v":2.97,"d":"3.0"},{"v":40,"d":"40.0"},997.7]
["Quiabo",12,0.3,{"v":74.55,"d":"74.6"},871.2,894.6]
["Capim-gordura",80,0.1,{"v":10.51,"d":"10.5"},{"v":350,"d":"350.0"},{"v":841,"d":"841.0"}]
["Milho",163,0.1,{"v":4.57,"d":"4.6"},{"v":100,"d":"100.0"},744.9]
["Cebolinha",46,0.1,{"v":14.67,"d":"14.7"},{"v":520,"d":"520.0"},674.9]
["Brocolos (ou brocolis)",147,0.1,{"v":3.96,"d":"4.0"},41.6,581.4]
["Couve-flor",88,0.2,{"v":5.45,"d":"5.5"},66.6,479.5]
["Batata-inglesa (ou batata, ou batatinha)",28,0.1,{"v":16.24,"d":"16.2"},{"v":100,"d":"100.0"},454.6]
["Beterraba",93,0.1,{"v":4.71,"d":"4.7"},83.2,438.4]
["Cenoura",74,0.1,{"v":4.84,"d":"4.8"},24.5,358.2]
["Abobora (ou jerimum)",120,0.1,{"v":2.88,"d":"2.9"},66.6,346.1]
["Couve (ou couve-crespa)",92,0.1,{"v":3.48,"d":"3.5"},31.2,320.1]
["Cogumelo",158,0.1,{"v":1.49,"d":"1.5"},{"v":10,"d":"10.0"},235.6]
["Nespera (ou ameixa-amarela)",162,0.1,{"v":1.26,"d":"1.3"},{"v":15,"d":"15.0"},204.6]
["Acelga",49,0.1,{"v":4.09,"d":"4.1"},{"v":20,"d":"20.0"},200.6]
["Tangor",1,{"v":161,"d":"161.0"},{"v":161,"d":"161.0"},{"v":161,"d":"161.0"},{"v":161,"d":"161.0"}]
["Pinus",17,{"v":1,"d":"1.0"},{"v":9.37,"d":"9.4"},{"v":43,"d":"43.0"},159.3]
["Espinafre (ou espinafre-europeu)",28,0.2,{"v":5.25,"d":"5.3"},24.5,{"v":147,"d":"147.0"}]
["Outras gramineas para pastagem",22,{"v":1,"d":"1.0"},{"v":6.18,"d":"6.2"},20.6,135.9]
["Tomate envarado",53,0.1,{"v":2.36,"d":"2.4"},13.5,125.3]
["Jilo",38,0.1,{"v":3.17,"d":"3.2"},{"v":23,"d":"23.0"},120.6]
["Tangerina",40,0.1,{"v":2.92,"d":"2.9"},{"v":76,"d":"76.0"},116.9]
["Floricultura para vaso",65,0.1,{"v":1.78,"d":"1.8"},9.6,{"v":116,"d":"116.0"}]
["Aveia",21,0.5,{"v":5.38,"d":"5.4"},20.2,{"v":113,"d":"113.0"}]
["Pepino",42,0.1,{"v":2.29,"d":"2.3"},{"v":20,"d":"20.0"},96.3]
["Capim-napier (ou capim-elefante)",31,0.5,{"v":2.89,"d":"2.9"},14.5,89.6]
["Chicoria (ou chicoria-de-folha-crespa)",13,0.1,{"v":6.38,"d":"6.4"},24.5,{"v":83,"d":"83.0"}]
["Mandioca",70,0.1,{"v":1.16,"d":"1.2"},{"v":10,"d":"10.0"},80.9]
["Floricultura para corte",26,0.1,{"v":3.05,"d":"3.1"},{"v":12,"d":"12.0"},79.3]
["Chuchu",30,0.1,{"v":2.32,"d":"2.3"},{"v":8,"d":"8.0"},69.7]
["Outras culturas temporárias",29,0.1,{"v":2.33,"d":"2.3"},13.5,67.6]
["Bambu",39,0.1,{"v":1.64,"d":"1.6"},8.5,{"v":64,"d":"64.0"}]
["Berinjela",35,0.1,{"v":1.62,"d":"1.6"},{"v":23,"d":"23.0"},56.7]
["Ervilha",20,0.1,{"v":2.78,"d":"2.8"},{"v":11,"d":"11.0"},55.5]
["Laranja",44,0.1,{"v":1.22,"d":"1.2"},15.6,53.7]
["Feijao-vagem (ou vagem, ou feijao-verde)",34,0.1,{"v":1.53,"d":"1.5"},{"v":18,"d":"18.0"},52.1]
["Ameixa",31,0.1,{"v":1.42,"d":"1.4"},{"v":12,"d":"12.0"},{"v":44,"d":"44.0"}]
["Mandioquinha",9,0.2,{"v":4.53,"d":"4.5"},{"v":10,"d":"10.0"},40.8]
["Feijao",34,0.1,{"v":1.07,"d":"1.1"},{"v":4,"d":"4.0"},36.3]
["Fruta-do-conde (ou pinha, ou anona)",23,0.1,{"v":1.21,"d":"1.2"},{"v":8,"d":"8.0"},27.9]
["Aspargo",16,0.2,{"v":1.53,"d":"1.5"},3.6,24.5]
["Goiaba",25,0.1,{"v":0.97,"d":"1.0"},{"v":3,"d":"3.0"},24.3]
["Gengibre",12,0.1,{"v":1.98,"d":"2.0"},{"v":6,"d":"6.0"},23.7]
["Banana",29,0.1,{"v":0.66,"d":"0.7"},3.7,{"v":19,"d":"19.0"}]
["Lichia",15,0.1,{"v":1.01,"d":"1.0"},{"v":5,"d":"5.0"},15.2]
["Inhame",10,0.1,{"v":1.44,"d":"1.4"},{"v":6,"d":"6.0"},14.4]
["Morango",8,0.1,{"v":1.63,"d":"1.6"},{"v":6,"d":"6.0"},{"v":13,"d":"13.0"}]
["Cebola",4,0.5,{"v":3.18,"d":"3.2"},{"v":5,"d":"5.0"},12.7]
["Maracuja",17,0.1,{"v":0.73,"d":"0.7"},2.4,12.4]
["Pessego",16,0.2,{"v":0.69,"d":"0.7"},2.2,11.1]
["Bucha",3,1.5,{"v":3.23,"d":"3.2"},4.9,9.7]
["Pimenta",9,0.1,{"v":1.07,"d":"1.1"},4.9,9.6]
["Gramas",6,0.1,{"v":1.58,"d":"1.6"},{"v":5,"d":"5.0"},9.5]
["Batata-doce",6,0.1,{"v":1.52,"d":"1.5"},{"v":4,"d":"4.0"},9.1]
["Kinkan",4,0.3,{"v":2.13,"d":"2.1"},{"v":4,"d":"4.0"},8.5]
["Pomar domestico",31,0.1,{"v":0.24,"d":"0.2"},{"v":1,"d":"1.0"},7.5]
["Kiwi",1,7.5,7.5,7.5,7.5]
["Coloniao",3,{"v":2,"d":"2.0"},2.4,2.8,7.2]
["Outras culturas permanentes",1,6.3,6.3,6.3,6.3]
["Viveiro de flores e ornamentais",10,0.1,{"v":0.62,"d":"0.6"},2.3,6.2]
["Outros viveiros",3,0.1,{"v":1.83,"d":"1.8"},2.9,5.5]
["Floricultura para corte temporária",1,5.5,5.5,5.5,5.5]
["Pera",4,0.9,{"v":1.18,"d":"1.2"},1.5,4.7]
["Abacate",7,0.1,{"v":0.63,"d":"0.6"},2.5,4.4]
["Cana-de-acucar",3,{"v":1,"d":"1.0"},{"v":1.47,"d":"1.5"},2.4,4.4]
["Outras florestais",3,0.5,{"v":1.17,"d":"1.2"},2.4,3.5]
["Uva fina",3,0.2,0.9,1.5,2.7]
["Nectarina",2,0.1,1.2,2.3,2.4]
["Uva rustica",3,0.1,{"v":0.73,"d":"0.7"},1.5,2.2]
["Cara (ou acara)",2,0.2,1.1,{"v":2,"d":"2.0"},2.2]
["Viveiro de florestais",1,{"v":2,"d":"2.0"},{"v":2,"d":"2.0"},{"v":2,"d":"2.0"},{"v":2,"d":"2.0"}]
["Milheto",2,{"v":1,"d":"1.0"},{"v":1,"d":"1.0"},{"v":1,"d":"1.0"},{"v":2,"d":"2.0"}]
["Limao",4,0.1,{"v":0.45,"d":"0.5"},{"v":1,"d":"1.0"},1.8]
["Horta domestica",15,0.1,{"v":0.11,"d":"0.1"},0.2,1.7]
["Cafe",2,0.3,{"v":0.65,"d":"0.7"},{"v":1,"d":"1.0"},1.3]
["Hortela",2,0.1,{"v":0.55,"d":"0.6"},{"v":1,"d":"1.0"},1.1]
["Maxixe (ou pepino-das-antilhas)",1,{"v":1,"d":"1.0"},{"v":1,"d":"1.0"},{"v":1,"d":"1.0"},{"v":1,"d":"1.0"}]
["Viveiro de frutiferas em geral",1,{"v":1,"d":"1.0"},{"v":1,"d":"1.0"},{"v":1,"d":"1.0"},{"v":1,"d":"1.0"}]
["Pomelo (ou grape-fruit)",1,{"v":1,"d":"1.0"},{"v":1,"d":"1.0"},{"v":1,"d":"1.0"},{"v":1,"d":"1.0"}]
["Outras frutiferas",4,0.1,{"v":0.23,"d":"0.2"},0.5,0.9]
["Figo (ou figo-da-europa)",1,0.7,0.7,0.7,0.7]
["Amendoim",2,0.1,0.3,0.5,0.6]
["Jabuticaba",2,0.1,0.3,0.5,0.6]
["Carambola",1,0.5,0.5,0.5,0.5]
["Fava (ou fava italiana)",1,0.4,0.4,0.4,0.4]
["Floricultura para vaso permanente",2,0.1,{"v":0.15,"d":"0.2"},0.2,0.3]
["Tomate rasteiro",1,0.3,0.3,0.3,0.3]
["Fonte: Secretaria de Agricultura e Abastecimento, CDRS/IEA, Projeto LUPA."]